Normal view
MARC view
Entry Topical Term
001 - CONTROL NUMBER
- control field: 31678
003 - CONTROL NUMBER IDENTIFIER
- control field:
005 - DATE AND TIME OF LATEST TRANSACTION
- control field: 20231109100019.0
008 - FIXED-LENGTH DATA ELEMENTS
- fixed length control field: 231109|| aca||aabn | a|a d
040 ## - CATALOGING SOURCE
- Original cataloging agency:
- Transcribing agency:
150 ## - HEADING--TOPICAL TERM
- Topical term or geographic name entry element: Computer orgnization
670 ## - SOURCE DATA FOUND
- Source citation: Work cat.: ()14064: SHIVA, Sajjan G. aut 31676, Computer organization, Design, and Architecture /, 2008
